Statistics for US Cities That Start With I

Click here to take the quiz!

General Stats

  • This quiz has been taken 938 times
  • The average score is 12 of 49

Answer Stats

2010 PopulationUS city% Correct
13,975Indiana, PA
86%
820,445Indianapolis, IN
86%
212,375Irvine, CA
63%
216,290Irving, TX
61%
67,862Iowa City, IA
60%
56,813Idaho Falls, ID
50%
109,673Inglewood, CA
43%
30,014Ithaca, NY
43%
5,966Independence, IA
38%
9,483Independence, KS
38%
24,757Independence, KY
38%
116,830Independence, MO
38%
7,133Independence, OH
38%
8,590Independence, OR
38%
76,036Indio, CA
37%
13,175Ipswich, MA
29%
11,129Ironton, OH
25%
7,210Inverness, FL
23%
7,399Inverness, IL
23%
14,758Imperial, CA
22%
14,782Indianola, IA
22%
10,683Indianola, MS
22%
5,238Iowa Falls, IA
22%
11,394Ionia, MI
17%
30,434Issaquah, WA
16%
26,324Imperial Beach, CA
15%
6,424International Falls, MN
14%
7,624Iron Mountain, MI
14%
6,420Irvington, NY
14%
33,518Indian Trail, NC
13%
25,369Inkster, MI
13%
12,349Irondale, AL
13%
5,387Ironwood, MI
13%
5,704Iola, KS
12%
8,649Itasca, IL
12%
5,785Indian Hill, OH
11%
33,880Inver Grove Heights, MN
10%
9,387Ingleside, TX
9%
6,470Ishpeming, MI
9%
7,918Ione, CA
7%
6,355Iowa Park, TX
7%
11,097Irmo, SC
6%
5,251Isanti, MN
6%
8,080Island Lake, IL
6%
8,225Indian Harbour Beach, FL
5%
7,010Idabel, OK
4%
8,053Ilion, NY
3%
6,119Islamorda, FL
3%
6,753Ivins, UT
2%

Score Distribution

Percentile by Number Answered

Percent of People with Each Score

Your Score History

You have not taken this quiz